[Event "Pohar mesta Ricany 2010 - cena Klidneho mesta"]
[Site "http://www.openricany.cz"]
[Date "2010.08.27"]
[Round "8.40"]
[White "Agacinski, Tadeusz"]
[Black "Minasjan, Garegin"]
[Result "1/2-1/2"]
[WhiteElo "2083"]
[BlackElo "1841"]

1. e4 e5 2. Nf3 Nc6 3. d4 exd4 4. Nxd4 Qf6 5. c3 Bc5 6. Be3 Nge7 7. Bc4 O-O
8. f4 Nxd4 9. cxd4 Bb4+ 10. Nc3 Bxc3+ 11. bxc3 Qc6 12. Qd3 d5 13. exd5 Nxd5
14. Bxd5 Qxd5 15. O-O Bf5 16. Qd2 Rfe8 17. Rfe1 Re6 18. Bf2 Rae8 19. Rxe6 Rxe6
1/2-1/2

[Event "Pohar mesta Ricany 2010 - cena Klidneho mesta"]
[Site "http://www.openricany.cz"]
[Date "2010.08.27"]
[Round "8.37"]
[White "Pech,Hynek"]
[Black "Havelka,Petr"]
[Result "1/2-1/2"]
[WhiteElo "1800"]
[BlackElo "1923"]

1. e4 d5 2. exd5 Qxd5 3. Nc3 Qa5 4. d4 Nf6 5. Nf3 Bg4 6. Bc4 e6 7. Qe2 Bb4
8. Bd2 c6 9. d5 cxd5 10. Bb5+ Nbd7 11. O-O-O O-O 12. Kb1 Qc7 13. Nxd5 Nxd5
14. Bxb4 Nxb4 15. Rxd7 1/2-1/2

[Event "Pohar mesta Ricany 2010 - cena Klidneho mesta"]
[Site "http://www.openricany.cz"]
[Date "2010.08.27"]
[Round "8.13"]
[White "Kohout,Vratislav"]
[Black "Zvara,David"]
[Result "1-0"]
[WhiteElo "2199"]
[BlackElo "2010"]

1. d4 d5 2. Nf3 Nf6 3. Bf4 e6 4. Nbd2 Be7 5. h3 Nbd7 6. e3 c5 7. c3 b6 8. Bd3
Bb7 9. Qe2 c4 10. Bc2 b5 11. a3 a5 12. O-O O-O 13. Ne5 b4 14. axb4 axb4 15. g4
b3 16. Rxa8 Bxa8 17. Bb1 Nb6 18. g5 Nfd7 19. h4 f6 20. Bxh7+ 1-0

[Event "Pohar mesta Ricany 2010 - cena Klidneho mesta"]
[Site "http://www.openricany.cz"]
[Date "2010.08.27"]
[Round "8.28"]
[White "Cervenka,Petr"]
[Black "Berg,Antonin"]
[Result "0-1"]
[WhiteElo "1990"]
[BlackElo "1842"]

1. e4 Nf6 2. Nc3 d5 3. e5 d4 4. Nce2 Ng4 5. f4 c5 6. Nf3 e6 7. h3 Nh6 8. d3 Be7
9. g3 Nf5 10. Kf2 h5 11. Bg2 Nc6 12. Bd2 f6 13. g4 Ne3 14. Bxe3 dxe3+ 15. Kxe3
fxe5 16. fxe5 Bg5+ 17. Nxg5 Qxg5+ 18. Nf4 O-O 19. Qf3 Nd4 20. Qf2 Nxc2+ 21. Qxc2
Qxf4+ 22. Ke2 Qf2+ 23. Kd1 Qxc2+ 0-1

[Event "Pohar mesta Ricany 2010 - cena Klidneho mesta"]
[Site "http://www.openricany.cz"]
[Date "2010.08.27"]
[Round "8.8"]
[White "Vanka,Miloslav"]
[Black "Matejovsky,Ondrej"]
[Result "1-0"]
[WhiteElo "2189"]
[BlackElo "2037"]

1. d4 d5 2. Nf3 Nf6 3. Bf4 c6 4. c3 Bf5 5. Nbd2 Nbd7 6. e3 Ne4 7. Nh4 e6
8. Nxf5 exf5 9. Nxe4 fxe4 10. Qb3 Qb6 11. Be2 h6 12. f3 Nf6 13. Qc2 O-O-O
14. fxe4 Nxe4 15. Bg4+ Rd7 16. O-O Nf6 17. Bxd7+ Kxd7 18. Be5 c5 19. Bxf6 gxf6
20. Qf5+ Qe6 21. Qxe6+ 1-0

[Event "Pohar mesta Ricany 2010 - cena Klidneho mesta"]
[Site "http://www.openricany.cz"]
[Date "2010.08.27"]
[Round "8.11"]
[White "Schmalz,Michal"]
[Black "Moravec,Vit"]
[Result "1/2-1/2"]
[WhiteElo "1985"]
[BlackElo "2065"]

1. e4 c5 2. Nf3 e6 3. d4 cxd4 4. Nxd4 a6 5. Nc3 Qc7 6. Bd3 Nf6 7. O-O Be7
8. Be3 O-O 9. f4 d6 10. Qf3 Nc6 11. Kh1 Nxd4 12. Bxd4 e5 13. fxe5 dxe5 14. Qg3
Bd6 15. Rxf6 exd4 16. Rxd6 dxc3 17. bxc3 Qxc3 18. Rf1 Be6 19. e5 Qb4 20. c3 Qg4
21. Qxg4 Bxg4 22. Rb6 Rad8 23. Bc4 Be6 24. Bxe6 fxe6 25. Kg1 1/2-1/2

[Event "Pohar mesta Ricany 2010 - cena Klidneho mesta"]
[Site "http://www.openricany.cz"]
[Date "2010.08.27"]
[Round "8.9"]
[White "Vojta,Pavel"]
[Black "Koper,Stefan"]
[Result "1-0"]
[WhiteElo "2161"]
[BlackElo "2020"]

1. d4 g6 2. Nf3 Bg7 3. e4 d5 4. e5 c5 5. c3 cxd4 6. cxd4 Nc6 7. Nc3 Bg4 8. Be3
Bxf3 9. Qxf3 Nh6 10. Bd3 e6 11. O-O a6 12. Rac1 Qh4 13. g3 Qd8 14. Na4 O-O
15. Nc5 Nb8 16. Qd1 b6 17. Nb7 Qe7 18. Nd6 f5 19. Qb3 Nd7 20. Rc7 Nf7 21. Qa3 b5
22. Rfc1 h6 23. R1c6 Qd8 24. Nb7 Qe8 25. Rxa6 Nb6 26. Rxa8 Nxa8 27. Re7 Qc6
28. Qc5 Qa6 29. Qxb5 Qxa2 30. Nd6 Ng5 31. Bxg5 hxg5 32. Qd7 1-0

[Event "Pohar mesta Ricany 2010 - cena Klidneho mesta"]
[Site "http://www.openricany.cz"]
[Date "2010.08.27"]
[Round "8.14"]
[White "Kaiser,Rudolf"]
[Black "Pospisil,Evzen"]
[Result "1-0"]
[WhiteElo "1941"]
[BlackElo "2161"]

1. f4 d5 2. Nf3 g6 3. e3 Bg7 4. d3 c5 5. Be2 Nc6 6. O-O Nf6 7. a4 O-O 8. Qe1
Nd7 9. e4 e5 10. Nc3 Nb4 11. Bd1 dxe4 12. dxe4 Qe7 13. f5 Nb6 14. fxg6 fxg6
15. Bg5 Bf6 16. Bh6 Re8 17. b3 Bd7 18. Qf2 Nc8 19. h4 b6 20. Ng5 Bg7 21. Bxg7
Kxg7 22. Qf7+ Kh6 23. Nd5 Nxd5 24. Qxd5 Rf8 25. Rxf8 Qxf8 26. Qxd7 Ne7 27. Bg4
Rd8 28. Qe6 Rd2 29. Rf1 1-0

[Event "Pohar mesta Ricany 2010 - cena Klidneho mesta"]
[Site "http://www.openricany.cz"]
[Date "2010.08.27"]
[Round "8.26"]
[White "Petras,Milan"]
[Black "Lacha,Jan"]
[Result "1/2-1/2"]
[WhiteElo "2018"]
[BlackElo "1968"]

1. e4 d5 2. exd5 Nf6 3. c4 e6 4. d4 exd5 5. Nc3 Bb4 6. Nf3 Nc6 7. Be3 Ne4
8. Qb3 Be6 9. a3 dxc4 10. Bxc4 Bxc4 11. Qxc4 Nd6 12. Qd5 Bxc3+ 13. bxc3 O-O
14. O-O Ne7 15. Qh5 f6 16. Bf4 Ne4 17. c4 Ng6 18. Be3 Qd7 19. Rfd1 Rad8 20. d5
c5 21. Nd2 Nxd2 22. Rxd2 b6 23. a4 Rfe8 24. h3 Re4 25. Rc2 Rde8 26. a5 R8e5
27. Qd1 1/2-1/2

[Event "Pohar mesta Ricany 2010 - cena Klidneho mesta"]
[Site "http://www.openricany.cz"]
[Date "2010.08.27"]
[Round "8.30"]
[White "Jirousek,Filip"]
[Black "Petrun,Milan"]
[Result "0-1"]
[WhiteElo "1787"]
[BlackElo "1968"]

1. e4 c5 2. Nf3 d6 3. d4 cxd4 4. Nxd4 Nf6 5. Nc3 a6 6. a3 e5 7. Nf3 b6 8. Bc4
Be7 9. Bg5 Nbd7 10. Bxf6 Nxf6 11. Nd5 O-O 12. Qd3 Bb7 13. Rd1 Bxd5 14. Bxd5 Nxd5
15. Qxd5 Qc7 16. O-O Qxc2 17. Rc1 Qxb2 18. Rc7 Bf6 19. Rxf7 Rxf7 20. Qxa8+ Rf8
21. Qd5+ Kh8 22. Qxd6 Rd8 23. Qc7 h6 24. Rc1 Kh7 25. a4 b5 26. axb5 axb5 27. h3
b4 28. Rc6 Rf8 29. Rc4 b3 30. Rb4 Rd8 31. Qb6 Qc1+ 32. Kh2 Qf4+ 33. Kh1 Bh4
34. Qe6 Rd1+ 35. Ng1 Rxg1+ 0-1

[Event "Pohar mesta Ricany 2010 - cena Klidneho mesta"]
[Site "http://www.openricany.cz"]
[Date "2010.08.27"]
[Round "8.3"]
[White "Balacek,Tadeas"]
[Black "Hadzala,Daniel"]
[Result "1-0"]
[WhiteElo "2096"]
[BlackElo "2105"]

1. d4 Nf6 2. Nf3 d6 3. c4 Nbd7 4. Nc3 e5 5. e4 c6 6. Be2 Be7 7. O-O O-O 8. Be3
Qc7 9. d5 Nc5 10. Nd2 a5 11. a3 Bd7 12. b4 axb4 13. axb4 Na6 14. Qb3 c5 15. bxc5
Nxc5 16. Qb2 Rxa1 17. Rxa1 Ng4 18. Bxg4 Bxg4 19. Qb1 Rb8 20. Na4 Bd7 21. Nxc5
dxc5 22. Ra7 g6 23. f3 Kg7 24. Qa1 Bd6 25. Nb3 Qb6 26. Qa3 Rc8 27. Ra5 Qb4
28. Qxb4 cxb4 29. c5 b6 30. cxb6 Rc3 31. Bc5 Bxc5+ 32. Rxc5 Bc8 33. Rxc3 1-0

[Event "Pohar mesta Ricany 2010 - cena Klidneho mesta"]
[Site "http://www.openricany.cz"]
[Date "2010.08.27"]
[Round "8.43"]
[White "Hlina,Milos"]
[Black "Urban,Miroslav"]
[Result "1-0"]
[WhiteElo "1892"]
[BlackElo "1885"]

1. d4 Nf6 2. Nf3 e6 3. Bf4 d5 4. e3 Bd6 5. Bxd6 Qxd6 6. c3 O-O 7. Nbd2 b6
8. Ne5 c5 9. Be2 Nc6 10. f4 Ne4 11. O-O Bb7 12. Qc2 f5 13. Ndf3 Rac8 14. Qd1 c4
15. Qe1 b5 16. Nxc6 Bxc6 17. Ne5 Qe7 18. Bf3 a5 19. a3 Be8 20. g4 Rb8 21. Bxe4
fxe4 22. Qg3 Bd7 23. h4 Rb6 24. h5 Be8 25. Rf2 b4 26. axb4 axb4 27. Rh2 bxc3
28. bxc3 Rb3 {dále neèitelné} 1-0

[Event "Pohar mesta Ricany 2010 - cena Klidneho mesta"]
[Site "http://www.openricany.cz"]
[Date "2010.08.27"]
[Round "8.25"]
[White "Plasil,Petr"]
[Black "Vevera,Radek"]
[Result "0-1"]
[WhiteElo "1859"]
[BlackElo "2044"]

1. g3 d5 2. Bg2 e5 3. d3 Nf6 4. Nd2 Nc6 5. e3 Bc5 6. Ne2 O-O 7. O-O Be6 8. a4
a5 9. Nb3 Bb6 10. d4 e4 11. h3 Qd7 12. Nf4 Ne7 13. Bd2 c6 14. Nc5 Qc8 15. Nfxe6
fxe6 16. b4 Nf5 17. Qe1 Rf7 18. Nb3 axb4 19. Bxb4 Bc7 20. a5 h5 21. Qc3 h4
22. g4 Nd6 23. Ra2 Nc4 24. Nd2 Nxd2 25. Qxd2 Nh7 26. f4 exf3 27. Rxf3 Rxf3
28. Bxf3 e5 29. e4 dxe4 30. Bxe4 Nf6 31. Bf5 Qd8 32. Be6+ Kh8 33. c3 exd4
34. cxd4 Nd5 35. Ba3 Rxa5 36. Qc2 Nf4 37. Bf5 Qxd4+ 38. Kf1 Bb6 0-1

[Event "Pohar mesta Ricany 2010 - cena Klidneho mesta"]
[Site "http://www.openricany.cz"]
[Date "2010.08.27"]
[Round "8.1"]
[White "Mejzlik,Ondrej"]
[Black "Kulhanek,Tomas"]
[Result "0-1"]
[WhiteElo "2225"]
[BlackElo "2411"]

1. c4 e5 2. Nc3 Nf6 3. g3 d5 4. cxd5 Nxd5 5. Bg2 Nb6 6. d3 Be7 7. Nf3 Nc6
8. O-O O-O 9. Be3 Re8 10. Rc1 Bf8 11. a3 Bg4 12. Ne4 Nd4 13. Bxd4 exd4 14. Re1
c6 15. Nc5 Bxc5 16. Rxc5 Qd6 17. b4 Nd7 18. Rc4 Bxf3 19. Bxf3 Ne5 20. Rc2 a5
21. Be4 axb4 22. axb4 Qxb4 23. Qb1 Qa5 24. Rec1 Ra7 25. Rb2 g6 26. Rxb7 Rxb7
27. Qxb7 Qd2 28. Rf1 Qxe2 29. Bxc6 Re6 30. Bd5 Rf6 31. Be4 Ng4 32. Qd5 Qxf1+
33. Kxf1 Ne3+ 34. Ke2 Nxd5 35. Bxd5 Rb6 36. Kf3 Rb2 37. h4 Kf8 38. g4 Rd2
39. Bc4 h6 40. Kg3 f6 41. Kf3 Ke7 42. Kg3 Kd6 43. h5 g5 44. Ba6 Kc5 45. Kf3 Kb4
46. Bc4 Kc3 47. Ba6 Rxd3+ 48. Ke4 Rh3 49. f3 d3 50. Bxd3 Rxf3 0-1

[Event "Pohar mesta Ricany 2010 - cena Klidneho mesta"]
[Site "http://www.openricany.cz"]
[Date "2010.08.27"]
[Round "8.24"]
[White "Janicek,Jindrich"]
[Black "Macek,Kamil"]
[Result "1/2-1/2"]
[WhiteElo "2063"]
[BlackElo "1953"]

1. Nf3 Nf6 2. c4 c5 3. Nc3 Nc6 4. g3 g6 5. Bg2 Bg7 6. O-O O-O 7. d4 cxd4
8. Nxd4 Nxd4 9. Qxd4 d6 10. Bg5 h6 11. Bd2 Bd7 12. Qd3 Bc6 13. e4 Nd7 14. Rac1
Nc5 15. Qe2 Na4 16. Nxa4 Bxa4 17. b3 Bc6 18. Rfd1 Qc8 19. Be3 b6 20. f4 Qb7
21. Bd4 f5 22. Bxg7 Kxg7 23. Re1 Bxe4 24. Bxe4 fxe4 25. Qb2+ Kh7 26. Qd4 Rae8
27. Rxe4 e5 28. fxe5 dxe5 29. Qd5 Qe7 30. Rce1 Qf6 31. Qd2 h5 32. Qe2 Re7
33. Rf1 Qxf1+ 34. Qxf1 Rxf1+ 35. Kxf1 Kg7 36. Ke2 Kf6 37. Kf3 Rd7 38. Re2 Rd3+
39. Ke4 Rd4+ 40. Ke3 Rd1 41. Rd2 Re1+ 42. Re2 Rd1 1/2-1/2

[Event "Pohar mesta Ricany 2010 - cena Klidneho mesta"]
[Site "http://www.openricany.cz"]
[Date "2010.08.27"]
[Round "8.2"]
[White "Sodoma, Jan"]
[Black "Haman, Jakub"]
[Result "1-0"]
[WhiteElo "2364"]
[BlackElo "1968"]

1. d4 Nf6 2. c4 e5 3. dxe5 Ng4 4. Bf4 Nc6 5. Nf3 Bb4+ 6. Nbd2 Qe7 7. a3 Ngxe5
8. Nxe5 Nxe5 9. e3 Bxd2+ 10. Qxd2 d6 11. Be2 O-O 12. O-O Ng6 13. Bg3 Be6
14. Rac1 Rad8 15. Qa5 a6 16. c5 dxc5 17. Bxc7 Rd5 18. Bf3 Rg5 19. Qb6 Bd5
20. Bxd5 Rxd5 21. Rc4 Rc8 22. Bg3 Rc6 23. Qa5 Qd7 24. a4 Rd1 25. Rc1 Rxf1+
26. Kxf1 Qd3+ 27. Kg1 b6 28. Qc3 Qxc3 29. bxc3 Kf8 30. c4 Ke7 31. Kf1 Nf8
32. Ke2 Ke6 33. Rb1 Nd7 34. Kd3 f5 35. Kc3 Nf6 36. f3 g5 37. Rd1 Nd7 38. h3 h5
39. Rd2 Ke7 40. h4 g4 41. Bf4 Ke6 42. Rd3 Ke7 43. Kd2 Ke6 44. Ke2 b5 45. axb5
axb5 46. cxb5 Rb6 47. Rb3 c4 48. Rb1 Rb7 49. Kd2 Kd5 50. Kc3 Kc5 51. Rb4 Nb6
52. e4 gxf3 53. gxf3 fxe4 54. fxe4 Nd7 55. Be3+ Kd6 56. Bd4 Nf8 57. Kxc4 Rc7+
58. Kd3 Ng6 59. b6 Rb7 60. Bf2 Ne5+ 61. Ke2 Nd7 62. Rb5 Kc6 63. Rxh5 Nxb6
64. Rh6+ 1-0

[Event "Pohar mesta Ricany 2010 - cena Klidneho mesta"]
[Site "http://www.openricany.cz"]
[Date "2010.08.27"]
[Round "8.38"]
[White "Rydl, Jiri"]
[Black "Martinec, Jan"]
[Result "0-1"]
[WhiteElo "1906"]
[BlackElo "1832"]

1. e4 c5 2. c3 Nf6 3. e5 Nd5 4. Nf3 e6 5. Bc4 Nb6 6. Bb3 Nc6 7. d4 cxd4 8. cxd4
d6 9. exd6 Qxd6 10. Nc3 Be7 11. O-O O-O 12. Ne4 Qd8 13. a3 Nd5 14. Bd2 b6
15. Rc1 Bb7 16. Ba4 Rc8 17. Nc3 Nf6 18. Be3 Na5 19. Ne5 Nd5 20. Qd3 Nxe3
21. fxe3 a6 22. Bc2 g6 23. Rf2 Bf6 24. Ng4 Bg7 25. h3 Nc4 26. Bb1 h5 27. Nh2 Bh6
28. Nd1 Nd6 29. Rxc8 Qxc8 30. Nc3 Nc4 31. Nf1 Rd8 32. Qe2 e5 33. d5 Nd6 34. Nd2
Qc5 35. Rf3 b5 36. Nde4 Nxe4 37. Nxe4 Qb6 38. Nf6+ Kg7 39. g4 hxg4 40. hxg4 Bxd5
41. Nxd5 Rxd5 42. Ba2 Rd7 43. Qf2 Qc7 44. Qe2 Qc1+ 45. Rf1 Qxe3+ 46. Qxe3 Bxe3+
47. Kh1 Re7 48. Kg2 f6 49. Kf3 Bd4 0-1

[Event "Pohar mesta Ricany 2010 - cena Klidneho mesta"]
[Site "http://www.openricany.cz"]
[Date "2010.08.27"]
[Round "8.39"]
[White "Hampel,Rudolf"]
[Black "Skokan,Frantisek"]
[Result "0-1"]
[WhiteElo "1800"]
[BlackElo "1903"]

1. e4 c5 2. Nc3 Nc6 3. g3 g6 4. Bg2 Bg7 5. Nge2 e6 6. O-O Nge7 7. d3 O-O 8. Be3
d6 9. Qd2 f5 10. Bh6 Rb8 11. Rad1 b5 12. Bxg7 Kxg7 13. d4 b4 14. Na4 fxe4
15. dxc5 d5 16. Nf4 Qa5 17. b3 Ne5 18. Qd4 Nc6 19. Qb2 Kg8 20. Qc1 Rb7 21. Qe3
Rbf7 22. Bh3 Nf3+ 23. Kg2 Rf6 24. c3 Qc7 25. Ne2 Qe5 26. Nd4 Ncxd4 27. cxd4 Qh5
28. g4 Qh4 29. c6 Rf4 30. Rh1 Ng5 31. Rd2 Rf3 0-1